| 000 | 00912nam a22002057a 4500 | ||
|---|---|---|---|
| 003 | AM-YEHGA | ||
| 005 | 20250617164237.0 | ||
| 008 | 211104s ||||| |||| 00| 0 rus d | ||
| 040 | _aAM-YeHGA | ||
| 041 | 0 | _arus | |
| 100 | 1 | _aДокукин, Александр Викторович. | |
| 245 | 1 | 0 |
_aРезультаты научных исследований, обеспечивающие технический прогресс в угольной промышленности в текущем семилетии : _b Доклад на заседании Техн.-экон. совета Луган. совнархоза / _cА. В. Докукин, А. Д. Игнатьев |
| 260 |
_aМосква : _b[б. и.], _c1962. |
||
| 300 | _a42 с. | ||
| 653 | 0 | _aУгледобыча - Механизация | |
| 700 | _aИгнатьев, И. | ||
| 942 |
_2udc _cBK |
||
| 001 | 1800962 | ||
| 090 | _c523844 | ||
| 999 |
_c520273 _d520273 |
||